Small industry in the seventies (Record no. 356226)

000 -LEADER
fixed length control field 00371cam a22001337a 4500
008 - FIXED-LENGTH DATA ELEMENTS--GENERAL INFORMATION
fixed length control field 180718b1971 xxu||||| |||| 00| 0 eng d
082 ## - DEWEY DECIMAL CLASSIFICATION NUMBER
Classification number T2196 V579
100 ## - MAIN ENTRY--PERSONAL NAME
Personal name Vepa, Ram K.
245 ## - TITLE STATEMENT
Title Small industry in the seventies
Statement of responsibility, etc. by Ram K. Vepa
260 ## - PUBLICATION, DISTRIBUTION, ETC.
Place of publication, distribution, etc. Delhi
Name of publisher, distributor, etc. Vikas
Date of publication, distribution, etc. 1971
300 ## - PHYSICAL DESCRIPTION
Extent 307p.
650 ## - SUBJECT ADDED ENTRY--TOPICAL TERM
Topical term or geographic name entry element Small business --Developing countries
650 ## - SUBJECT ADDED ENTRY--TOPICAL TERM
Topical term or geographic name entry element Small business
Holdings
Withdrawn status Lost status Damaged status Not for loan Permanent Location Current Location Date acquired Full call number Barcode Date last seen Price effective from Koha item type
        Indian Institute of Public Administration Indian Institute of Public Administration 1994-01-03 T2196 V579 46262 2018-07-21 2018-07-21 Book

Powered by Koha